O nový český hudební život : deset let Volného sdružení přátel moderní hudby v Olomouci 1927-1937 a deset let Spolku pro komorní hudbu v Olomouci 1937-1947 /

Hlavní autor: Smetana, Robert, 1904-1988
Jazyk: Čeština
Vydáno: V Olomouci : Spolek pro komorní hudbu :R. Promberger [distributor], 1947
Vydání: 1. vyd.
Fyzický popis: 97 s., [XVI] obr. příl. : il. ; 8°
Knihy
Uloženo v:
LEADER 01134nam a22002412a 4500
001 000795041
003 CZ BrMZK
005 20240110082135.0
007 ta
008 051027s1947 xr af er|||||||||||cze d
015 |a cnb000710565 
035 |a (OCoLC)54159756 
040 |a ABA001  |b cze  |c OLA001  |d ABA001  |d BOA001 
100 1 |a Smetana, Robert,  |d 1904-1988  |7 jk01120057  |4 aut 
245 1 0 |a O nový český hudební život :  |b deset let Volného sdružení přátel moderní hudby v Olomouci 1927-1937 a deset let Spolku pro komorní hudbu v Olomouci 1937-1947 /  |c Robert Smetana 
250 |a 1. vyd. 
260 |a V Olomouci :  |b Spolek pro komorní hudbu :  |b R. Promberger [distributor],  |c 1947  |f (Kramář a Procházka) 
300 |a 97 s., [XVI] obr. příl. :  |b il. ;  |c 8° 
910 |a BOA001  |b PK-0002.545  |b 2-0203.038 
990 |a BK 
996 6 |b 2618773093  |c 2-0203.038  |l MZK  |r Sklad / do 24 hodin  |n 0  |w 000795041  |u 000030  |a 1  |e BOA001  |j MZK50  |s P 
996 7 |b 2618773094  |c 2-0203.038  |l MZK  |r Sklad / do 24 hodin  |n 0  |w 000795041  |u 000020  |a 1  |e BOA001  |j MZK50  |s A 
996 7 |b 3119683031  |c PK-0002.545  |l MZK  |r Sklad / do 1 hodiny  |n 2  |w 000795041  |u 000010  |a 1  |e BOA001  |j MZK50  |s A